000 01404cam a22003015a 4500
001 L145050
002 17456
008 080903s2008 xxk f 000 0 eng d
020 _a9781842194201
035 _a(Sirsi) u145050
041 0 _aeng
050 0 4 _a346.4104342 $2 18
100 1 _aForrester, Peter
245 0 0 _aCase in point
_bservice charges
250 _a2nd ed.
260 _aCoventry
_bRICS Books
_c2008
300 _axxvii, 169p.
_c21cm.
350 _a27.50
490 0 _aRICS Case in Point Series
505 2 _aIntroduction -- List of Acts and abbreviations -- Table of cases -- General principles -- Recoverable costs -- Services -- Repairs, renewals, replacements and improvements -- Sinking funds, reserve funds and depreciation -- Fees and associated costs -- Funding and interest on borrowed funds -- Apportionment of the service charge -- Certification of service charge accounts -- Index
520 _aA practical, case-based book which contains summaries of service charge cases with commentary by the author. This second edition contains new material, including: mixed use buildings; reserve and sinking funds; and consequences of the new Code of Practice.
520 _aSupersedes the first edition (ISBN 1842191551).
521 _aAdvanced
590 _aKA
651 4 _aUnited Kingdom
_y
690 _aPROPERTY-LANDLORD AND TENANT-SERVICE CHARGES
942 _n0
999 _c108680
_d108680